Copia de un memorial que por parte del Duque de Osuna, se dió al Rey don Felipe III, en la ciudad de Lisboa a doce de julio de mil y seiscientos y diez y nueve, sobre el tiempo que gobernó el reino de Sicilia

Detalles Bibliográficos
Formato: Libro
Publicado: Lisboa, 1619
Materias:
Colección:Banco de datos
Acervo:Biblioteca Palafoxiana. Colección de Manuscritos
Descripción Física:18 f. ; 20 x 30 cm.
Tema general:Civil
LEADER 00511nam a22001330004500
035 |a 1242 
245 1 0 |a Copia de un memorial que por parte del Duque de Osuna, se dió al Rey don Felipe III, en la ciudad de Lisboa a doce de julio de mil y seiscientos y diez y nueve, sobre el tiempo que gobernó el reino de Sicilia 
260 |a Lisboa, 1619 
300 |a 18 f. ; 20 x 30 cm. 
650 1 0 |a Civil 
949 |a 32208/007 
942 |c PALAMANU 
943 |g Biblioteca Palafoxiana. Colección de Manuscritos 
999 |c 1069187  |d 1069187